| 000 | 00778nam a2200229 i 4500 | ||
|---|---|---|---|
| 001 | bg | ||
| 100 | 1 | _aNAUMIUK, Tadeusz | |
| 245 | 1 | 0 |
_aZasady kalkulacji kosztów : _bprzedmiot, rodzaje, techniki / _cTadeusz Naumiuk. |
| 250 | _aStan prawny na dzień 20 listopada 1998 r. | ||
| 260 |
_aWarszawa : _b"Infor", _c1998. |
||
| 300 |
_a189, [1] s. : _b1 wykr. ; _c21 cm. |
||
| 504 | _aBibliogr. s. [190]. | ||
| 650 | 9 |
_aKalkulacja kosztów _xprawo _zPolska _ystan na 1998 r. |
|
| 020 | _a8387936073 | ||
| 040 | _cBPK | ||
| 041 | 0 | _apol | |
| 080 | _a346.52:657.47](438) | ||
| 920 | _a83-87936-07-3 | ||
| 942 | _cKS | ||
| 008 | s pl f |000 0 pol | ||
| 999 |
_c45194 _d45194 |
||
| 856 |
_uhttp://koha.tu.koszalin.pl/cgi-bin/koha/opac-detail.pl?biblionumber=45194 _yKatalog online BPK |
||